000 00451 a2200157 4500
003 OSt
005 20240206125714.0
008 240206b |||||||| |||| 00| 0 eng d
020 _a9789352701834
100 _aShija,K.
_9181515
245 _aFoundations of Psychiatric Mental Health Nursing (As per INC Syllabus)
250 _a1st
260 _bJaypee Brothers Medical Publisher
_c2018
650 _aMENTAL HEALTH NURSING
_9181708
942 _2ddc
_cBK
999 _c158825
_d158825